000 01078nam a2200325 i 4500
003 EG-GICUC
005 20260412073318.0
008 260308s2004 us ||||fr|||| 001 0 eng d
020 _a052832667
040 _aEG-GiCUC
_beng
_cEG-GiCUC
_dEG-GiCUC
_eRda
082 0 4 _221
_a341.762
_bDO
092 0 4 _221
099 _aLaw1 11 341.762 DO 2004
245 1 0 _aDocuments in International Environmental Law /
_n
_cPhilippe Sands, Paolo Galizzi.
_b
250 _aSecond Edition
264 3 _aCambridge :
_bCambridge University Press,
_c2004.
300 _a1380page :
_billustration ;
_c 24 cm.
336 _2rda contenu
_a texte
337 _2rda medias
_aOrdinateur
338 _2 transporteur rda
_a Ressource en ligne
504 _aIncludes bibliographical references and index.
546 _aText in English
650 1 4 _aPublic international law
_2
651 1 _2
700 1 _aSands, Philippe
_eeditor.
700 1 _aGalizzi, Paolo
_eeditor.
856 4 0 _uhttps://fll.law.cu.edu.eg/fulltext/bks/B11-08508.pdf
905 _a50
942 _2ddc
_cBK
_e21
_n0
999 _c65834
_d65834